Buddhism and interfaith dialogue (Record no. 1111617)

MARC details
000 -LEADER
fixed length control field 01013nam a2200301Ia 4500
003 - CONTROL NUMBER IDENTIFIER
control field OSt
005 - DATE AND TIME OF LATEST TRANSACTION
control field 20221006155811.0
008 - FIXED-LENGTH DATA ELEMENTS--GENERAL INFORMATION
fixed length control field 221006b |||||||| |||| 00| 0 eng d
020 ## - INTERNATIONAL STANDARD BOOK NUMBER
International Standard Book Number 9780824817527
-- 7.00
037 ## - SOURCE OF ACQUISITION
Terms of availability Textual
040 ## - CATALOGING SOURCE
Original cataloging agency EASL
Transcribing agency EASL
Language of cataloging eng
041 ## - LANGUAGE CODE
Source of code eng
Language code of text/sound track or separate title eng
100 ## - MAIN ENTRY--PERSONAL NAME
Personal name Abe Masao
9 (RLIN) 592168
245 #0 - TITLE STATEMENT
Title Buddhism and interfaith dialogue
Remainder of title Part one of a two-volume sequel oto Zen and western thought
260 ## - PUBLICATION, DISTRIBUTION, ETC.
Place of publication, distribution, etc. Honolulu
Name of publisher, distributor, etc. University of Hawaii Press
Date of publication, distribution, etc. 1995
300 ## - PHYSICAL DESCRIPTION
Extent 265p.
Dimensions cm.
650 ## - SUBJECT ADDED ENTRY--TOPICAL TERM
Topical term or geographic name entry element Buddhism - Doctrines
9 (RLIN) 667478
650 ## - SUBJECT ADDED ENTRY--TOPICAL TERM
Topical term or geographic name entry element Buddhism and Philosophy
9 (RLIN) 670442
650 ## - SUBJECT ADDED ENTRY--TOPICAL TERM
Topical term or geographic name entry element Gen
650 ## - SUBJECT ADDED ENTRY--TOPICAL TERM
Topical term or geographic name entry element Buddhism - relations
9 (RLIN) 670443
700 ## - ADDED ENTRY--PERSONAL NAME
Personal name Heine Steven Ed.
9 (RLIN) 28172
942 ## - ADDED ENTRY ELEMENTS (KOHA)
Classification part Q4v, N5
Koha item type Textual
Source of classification or shelving scheme Colon Classification (CC)
Holdings
Withdrawn status Lost status Source of classification or shelving scheme Damaged status Not for loan Home library Current library Date acquired Source of acquisition Total Checkouts Full call number Barcode Date last seen Price effective from Koha item type
    Colon Classification (CC)     Department of East Asian Studies Library Department of East Asian Studies Library 2022-10-06 168/2012-13, 15/03/2013, Pioneer Book Distributor   Q4v N5 EA1396343 2022-10-06 2022-10-06 Textual
Copyright @ Delhi University Library System